Schlag den Raab Spiele - Statistiken

Allgemein
  • Dieses Quiz wurde 84 mal gespielt
  • Das Durchschnittsergebnis liegt bei 54 aus 476
Antwortstatistiken
Spiel Show-Nr. Kategorie Unterkategorie % Korrekt
Blamieren oder Kassieren 1-3, 5-6, 8-11, 13-31, 33-55 Wissen
84%
Fußball 18 Sport Ballsport
81%
Schießen (Luftgewehr) 15, 31, 46 Sport Präzisionssport,Schießsport
66%
Das Rad (II) 35, 45, 55 Schätzen
65%
Das Ei 12 Geschick
64%
Handball 20, 42 Sport Ballsport
62%
Wer ist das? 4, 7, 11, 15-17, 19, 23, 25, 28, 32, 34, 36-37, 40, 42, 46, 49 Wissen
62%
Tischtennis 1, 7, 13, 20, 26, 33, 52 Sport Ballsport
61%
Tennis 4, 16, 19, 44, 54 Sport Ballsport
58%
Schätzen 4, 33, 37, 46 Schätzen
55%
Basketball 2 Sport Ballsport
51%
Basketball (II) 5, 15 Sport Ballsport
51%
Golf 12 Sport Präzisionssport
43%
Hochsprung 1, 8, (22) Sport Leichtathletik
43%
Weitsprung 12 Sport Leichtathletik
43%
Bogenschießen 4, 41 Sport Präzisionssport,Schießsport
42%
Eishockey 3, 15, 28, 32, 44 Sport
42%
Volleyball 18, 32, 37, 50 Sport Ballsport
42%
Kegeln 10, 26, 34 Sport Präzisionssport
41%
Merken (II) 22 Gedächtnis
41%
Badminton 2, 11, 23 Sport Ballsport
39%
Das Rad 33 Sonstiges
39%
Ringing The Bull 49 Geschick
39%
Schwimmen 5 Sport
39%
Wo liegt was? 1-5, 8, 10, 14, 23-24, 26, 29, 33, 41, 52 Wissen
39%
Merken 2 Gedächtnis
38%
Minigolf 5, 28 Sport Präzisionssport
38%
Musik 1, 2 Wissen
38%
Schmecken 1, 13, 27, 35 Sonstiges
38%
Bowling 1, 14 Sport Präzisionssport
36%
Hockey 16 Sport
36%
Memory 6, 24 Gedächtnis
36%
Klettern 2 Ausdauer und Kraft
35%
Wer weiß mehr? 8, 11, 16, 19, 23,26, 31, 38, 45 Wissen
34%
Bagger 48 Motoren Geschick
32%
Biathlon 3, 38 Sport
32%
Die Kugel 34 Geschick
32%
Eisfußball 15, 39 Sport Ballsport
31%
Elfmeterschießen 1, 11, 23 Sport
31%
Hammerwerfen 6, 45 Sport Leichtathletik
31%
Musik rückwärts (Kisum) 7, 12, 21, 28, 36, 47 Wissen
31%
Riechen 6 Sonstiges
31%
Speerwerfen 34 Sport Leichtathletik
31%
Wasser 20 Schätzen
31%
Autoball 7 Motoren Sport
30%
Baseball 25, 49 Sport Ballsport
30%
Billard 2, 17, 30 Sport Präzisionssport
30%
Sortieren 26 Wissen
30%
Sortieren (II) 28-29, 32-33, 37,39, 41, 44, 49, 52 Wissen
30%
Würfeln 11 Taktik
30%
Zählen 18 Gedächtnis
30%
Axtwerfen 25 Sport Präzisionssport
28%
Kugelstoßen 30 Sport Leichtathletik
27%
Wann war das? 54, 55 Wissen
27%
Radfahren (II) 17 Sport Radsport
26%
Wasserball 17, 41 Sport
26%
Wo ist das? 7, 12, 22 Wissen
26%
Diskuswerfen 18 Sport Leichtathletik
24%
Hürdenlauf 6 Sport Leichtathletik
24%
Hürdenlauf (II) 48 Sport
24%
Tauchen 33 Sport
24%
Wiegen 3, 26 Schätzen
24%
Curling 3, 27, 38 Sport Präzisionssport
23%
Die Torwand 33, 34 Sport Präzisionssport
23%
Football 31 Sport
23%
Frisbee 23 Sport
23%
Frisbee (II) 14, 31, 41 Sport
23%
Jetski 11 Motoren
23%
Autorennen (II) 30 Motoren
22%
Autorennen (III) 36, 50 Motoren
22%
Autorennen (Miniatur) 6 Geschick
22%
Dosenwerfen 2, 6, 26 Geschick
22%
Kartfahren 2, 40 Motoren
22%
Tiere 24, 39 Wissen
22%
Autorennen 8 Motoren
20%
Beachvolleyball 24 Sport Ballsport
20%
Die Karte 15 Schnelligkeit
20%
Die Münze 18 Geschick
20%
Flaggen 6 Wissen
20%
Fühlen 3, 28, 32 Wissen
20%
Koffer packen 7, 14, 29, 42 Gedächtnis
20%
Koffer packen (20 Kilo) 36 Schätzen
20%
Malen 26 Sonstiges
20%
Rechnen 45 Wissen
20%
Skispringen 9 Sport
20%
Stimmt's? 1-3, 5-7, 9-10, 12, 18, 26, 29, 33, 35, 48, 50 Wissen
20%
Wer lügt? 17, 20, 24, 27, 34, 40, 42, 46 Wissen
20%
Balancieren (II) 18 Geschick
19%
Fechten 4, 9, 37 Sport Kampfsport
19%
Länderumrisse 21, 30, 54 Wissen
19%
Menschenkenntnis 6 Schätzen
19%
Quad 16 Motoren
19%
Rudern 11 Sport
19%
Stapeln 3 Schnelligkeit
19%
American Gladiator 18 Sport Kampfsport
18%
Automarken 37 Wissen
18%
Balancieren 10 Geschick
18%
BMX 14 Sport Radsport
18%
Flummi 17 Geschick
18%
Headis 31, 47 Sport
18%
Menschenkenntnis (II) 13, 17, 30, 41, 49 Schätzen
18%
Reifen 38 Geschick
18%
Eiskart 33, 42 Motoren
16%
Freistoß 52 Sport Ballsport
16%
Mountainbike 22 Sport Radsport
16%
Nageln 5 Ausdauer und Kraft
16%
Squash 10, 21 Sport
16%
Völkerball 6, 19, 33, 43 Sport Ballsport
16%
Armbrust 18 Sport Präzisionssport,Schießsport
15%
Boule 6 Geschick Präzisionssport
15%
Das Reck 1 Sport
15%
Das Seil 6 Ausdauer und Kraft
15%
Der Toaster 21 Schätzen
15%
Freee 54 Motoren
15%
Fußball-Golf 29 Sport Präzisionssport
15%
Klackern 8, 55 Geschick
15%
Langlauf 21 Sport
15%
Putten 22 Sport Präzisionssport
15%
Putten (II) 44 Sport Präzisionssport
15%
Wann war was? 3, 5, 15, 22, 30 Wissen
15%
Augen 27, 54 Wissen
14%
Eisschnelllauf 3 Sport
14%
Entweder oder 48 Geschick/Sport
14%
Kerzen anzünden 8, 32 Schnelligkeit
14%
Kerzen anzünden (II) 38 Schnelligkeit
14%
Papierflieger 1 Geschick
14%
Radfahren 9 Sport Radsport
14%
Sägen 10 Ausdauer und Kraft
14%
Sandburg 47 Sonstiges
14%
Zuordnen 53 Wissen
14%
7 Meter werfen 4 Sport Ballsport
12%
Bäume fällen 32 Ausdauer und Kraft
12%
Eisklettern 9 Audauer und Kraft
12%
Fehlerbilder (II) 38, 48, 52 Schnelligkeit
12%
Inliner 25 Sport
12%
Knoten 25 Schnelligkeit
12%
Kopfrechnen 3, 9, 27 Wissen
12%
Lattlschießen 53 Sport Präzisionssport
12%
Mau-Mau 9 Sonstiges
12%
Puzzle 3, 34 Schnelligkeit
12%
Roulette 5 Schätzen
12%
Schmetterlinge 31, 55 Geschick
12%
Skateboard 17 Sport
12%
Wer liebt wen? 8, 30 Wissen
12%
Autokennzeichen 12 Wissen
11%
Baggern (II) 37 Motoren Geschick
11%
Ballball 36 Sport Ballsport
11%
Cornhole 32, 49 Sport Präzisionssport
11%
Der Zaun 20 Geschick
11%
Die Flasche 37 Geschick
11%
Domino 9, 39 Geschick
11%
Dosenschießen 55 Sport Präzisionssport
11%
Eisenbahn 31 Schätzen
11%
Fehlerbilder 22 Schnelligkeit
11%
Flitschen 24 Geschick
11%
Fußball-Wappen 31 Wissen
11%
Gabelstapler 22, 52 Motoren
11%
Geld zählen 24 Schnelligkeit
11%
Hochseilgarten 16, 37 Ausdauer und Kraft
11%
Kajak 5, 42 Sport
11%
Kerzen auspusten 14 Schnelligkeit
11%
Luftballons 16, 30 Schnelligkeit
11%
Marienkäfer 23, 34 Schnelligkeit
11%
Mini Tischtennis 40 Sport Ballsport
11%
Mölkky 39 Sport Präzisionssport
11%
Motocross 4 Motoren
11%
Schneeballschlacht 38 Geschick
11%
Schneiden 35 Ausdauer und Kraft
11%
Schrauben 18 Ausdauer und Kraft
11%
Shuffleboard 19 Sport Präzisionssport
11%
Spitz, pass auf! 21 Schnelligkeit
11%
Trinken 23 Schätzen
11%
Umparken 54 Taktik
11%
Air-Hockey 4 Reaktion
9%
Baggern 14 Motoren Geschick
9%
Bescherung 38 Ausdauer und Kraft
9%
Bücher 20 Wissen
9%
Das Katapult 44 Geschick
9%
Die Theke 11 Sonstiges
9%
Floorball 24 Sport
9%
Haidong Gumdo 39 Geschick
9%
Karten-Duell 1-3, 31, 40 Taktik
9%
Kissenschlacht 45 Kampfsport
9%
Mäxchen 17 Taktik
9%
Melken 4 Schnelligkeit
9%
Pedalo 33 Schnelligkeit
9%
Pflanzen 15 Wissen
9%
Reaktion 7, 14 Reaktion
9%
Rollennamen 48 Wissen
9%
smart DJ 42, 55 Wissen
9%
Songtexte 45 Wissen
9%
Suchmaschine 5, 15 Schätzen
9%
Tauziehen 2 Sport
9%
Auswendig lernen 18, 44 Gedächtnis
8%
Das Pendel 25 Geschick
8%
Faden essen 12 Schnelligkeit
8%
Hochwerfen 40 Sport Präzisionssport
8%
Hovercraft 28 Motoren
8%
Kickern 3, 35 Sport
8%
Knobeln 18 Schätzen
8%
Konzentration 31 Schnelligkeit
8%
Kopfball 40 Sport Ballsport
8%
Kubb 7 Sport Präzisionssport
8%
Leitergolf 14, 52 Sport Präzisionssport
8%
Lotto 8 Schätzen
8%
Mini-Autoball 41 Motoren
8%
Namen 38, 41, 47 Wissen
8%
Pfeile werfen 51 Sport Präzisionssport
8%
Pusteball 8 Schnelligkeit
8%
Seilspringen 8 Sport
8%
Setzkasten/Adventskalender 10, 38 Gedächtnis
8%
Wettrennen 17 Sport Leichtathletik
8%
Zeitfahren 27 Motoren Schätzen
8%
800 Meter Lauf 6 Sport Leichtathletik
7%
Augen zählen 37 Schnelligkeit
7%
Bahnradfahren 18 Sport Radsport
7%
Beachsoccer 12 Sport Ballsport
7%
Buchstaben 13 Wissen
7%
Bullenreiten 8 Geschick
7%
Das Schloss 28 Schnelligkeit
7%
Die Waage 9 Schätzen
7%
Diktat 34, 54 Gedächtnis
7%
Fußball-Toto 25 Schätzen
7%
Hau den Lukas 10 Ausdauer und Kraft
7%
Jakkolo 15 Geschick
7%
Karussell-Ball 50, 55 Sport Präzisionssport
7%
Luft anhalten 13 Ausdauer und Kraft
7%
Mensch ärgere dich nicht 4 Sonstiges
7%
Münzen werfen 48 Sport Präzisionssport
7%
Penalty schießen 21 Sport
7%
Pit-Pat 45 Sport Präzisionssport
7%
Pömpeln 19 Sport Präzisionssport
7%
Rallye 10, 43, 55 Motoren
7%
Schaukeln 4 Ausdauer und Kraft
7%
Sportarten 51 Wissen
7%
Stehen 21 Ausdauer und Kraft
7%
Tischdecke 33 Geschick
7%
Töne merken 19 Gedächtnis
7%
Vögel 46 Wissen
7%
Weihnachtslieder 44 Wissen
7%
Wo läuft was? 11 Wissen
7%
Wurstduell/Der Stollen 7, 38 Schätzen
7%
Ziesel 45 Motoren
7%
7-Meter-Schießen 45 Schätzen
5%
ABC-Quiz 36 Wissen
5%
Affenkette 11 Geschick
5%
Bachlaufen 24 Geschick
5%
Blind laufen 12 Sonstiges
5%
Carrom 12 Geschick
5%
Die Kette 33 Geschick
5%
Englisch-Fußball 16 Geschick
5%
Fieldgoal 13, 46 Sport
5%
Filmplakate 18 Wissen
5%
Flippern 9 Geschick
5%
Flummis 30 Geschick
5%
Flummis (II) 49 Geschick
5%
Fremdsprachen 21 Wissen
5%
Frisbee-Golf 51 Sport
5%
Fußball-Käfig 2 Sport Ballsport
5%
Fußball-Tennis 9, 17, 27 Sport Ballsport
5%
Holz hacken 40 Ausdauer und Kraft
5%
Karten werfen 45 Geschick
5%
Knöpfchen drücken 31 Schnelligkeit
5%
Krocket 35 Sport Präzisionssport
5%
Laufrad 13 Sport
5%
Medizinbälle 21 Ausdauer und Kraft
5%
Millionenwurf 24 Sport Ballsport
5%
Pferderennen 5 Schnelligkeit
5%
Radar-Falle 47 Motoren
5%
Rhönrad 48 Sport
5%
Schnappen 49, 55 Schnelligkeit
5%
Schnibbeln 10 Geschick
5%
Schnipski 34 Geschick
5%
Schreien 7 Sonstiges
5%
Spaghetti 29 Schnelligkeit
5%
Speed-Badminton 29, 36, 46 Sport
5%
Stimmen erkennen 8, 14, 20 Wissen
5%
Tangram 15 Sonstiges
5%
Tischtennisaufschlag 45 Sport Ballsport
5%
Turm bauen 16 Geschick
5%
Ubongo 52 Sonstiges
5%
Was fehlt? 47 Wissen
5%
Wasserfußball 30 Sport
5%
1 Kilo 44 Schätzen
4%
Altpapier 52 Schnelligkeit
4%
Aufrollen 36 Ausdauer und Kraft
4%
Auswringen 51 Sonstiges
4%
Auszeichnen 51 Schnelligkeit
4%
Autocross 19 Motoren
4%
Autoreifen 30 Geschick
4%
Auto wenden 20 Geschick Motoren
4%
Ball halten 27 Geschick
4%
Baumstammwerfen 50 Kraft, Sport
4%
Bilboquet 23 Geschick
4%
Blindenschrift 36 Gedächtnis Geschick
4%
Bücher tragen 24 Ausdauer und Kraft
4%
Buchstabensalat 30, 35 Wissen
4%
Buchstabieren 19 Wissen
4%
Cross-Verfolgung (34), 49 Sport Radsport
4%
Der Greifarm 8 Motoren Geschick
4%
Die Brücke 43 Ausdauer und Kraft
4%
Die Scheibe 28 Geschick Taktik
4%
Die Tasse 46 Geschick
4%
Die Wippe 27 Geschick
4%
Drehscheibe 11 Ausdauer und Kraft
4%
Eier werfen 42 Geschick
4%
Entfernungen 16, 31 Wissen
4%
Erbsen 6 Geschick
4%
Feuer löschen 15 Schnelligkeit
4%
Flaschenrennen 40 Geschick
4%
Fußballer 40 Wissen
4%
Glühbirnen 49 Schnelligkeit
4%
Hochschuss 19 Sport
4%
Hufeisenwerfen 35 Sport Präzisionssport
4%
Indiaca 39 Sport
4%
Käsebrot 2 Schätzen
4%
Klammern 41 Ausdauer und Kraft
4%
Kugelbahn 11 Schätzen
4%
Kugellabyrinth 20 Geschick
4%
Kugellabyrinth (Maxi) 29 Geschick
4%
Länder schmecken/Tiere schmecken 42/16 Schnelligkeit
4%
Lippenlesen 29 Wissen
4%
Malerei 17, 32 Wissen
4%
m-Ball 22 Sport Ballsport
4%
Mülltonnenrennen 45 Schnelligkeit
4%
Muttern 34 Ausdauer und Kraft
4%
Nagel-Duell 29 Taktik
4%
Nägel ziehen 39 Ausdauer und Kraft
4%
Nussknacker 44 Geschick
4%
Obst und Gemüse 14 Schätzen
4%
Papierkorb 25 Sport Präzisionssport
4%
Passe-Trappe 49 Geschick
4%
Rasenmähen 25 Schnelligkeit
4%
Reifen Burn-Out 1 Motoren
4%
Röhren 52 Geschick
4%
Rollbrett 8 Schnelligkeit
4%
Saugen 28 Geschick
4%
Schlitten fahren 44 Schnelligkeit
4%
Schütten 38 Sport
4%
Senkrecht werfen 44 Sport Präzisionssport
4%
Skittles 50 Geschick
4%
Speed Stacking 46 Geschick
4%
Spiele 35 Wissen
4%
Steinschleuder 11 Sport Präzisionssport
4%
Superhirn 10 Schätzen
4%
Süßigkeiten 54 Schätzen
4%
Töne zählen 39 Gedächtnis
4%
Tretauto 20 Sport
4%
Tumbling Dice 51 Sonstiges
4%
Türme von Hanoi 17 Sonstiges
4%
Weintrauben 15 Geschick
4%
Weitspucken 13 Sonstiges
4%
Autos umparken 32 Motoren Taktik
3%
Basketball-Duell 38 Sport Ballsport
3%
Beachtennis 48 Sport Ballsport
3%
Blasrohr 9 Sport Präzisionssport,Schießsport
3%
Bleistifte 28 Geschick
3%
Bötchen fahren 30 Motoren
3%
Bundesländer 34 Wissen
3%
Crazy Carts 55 Motoren
3%
Crokinole 48 Geschick
3%
Der fliegende Hase 22 Schätzen
3%
Der Holzturm 5, 36 Geschick
3%
Der Pfahl 7 Ausdauer und Kraft
3%
Drei Tiere 43 Schnelligkeit
3%
Dribbeln 25 Sport Ballsport
3%
Eierlaufen 20 Geschick
3%
Elektroroller 12, 37 Motoren
3%
Fäden ziehen 47 Geschick
3%
Farben merken 41 Gedächtnis
3%
Fernseh-Melodien 6, 13 Wissen
3%
Flaschen aufstellen 54 Schnelligkeit
3%
Flohhüpfen 52 Geschick
3%
Fußball-Boule 42 Sport Präzisionssport
3%
Goalball 46 Sport
3%
Gravity Darts 54 Sport Präzisionssport
3%
Handschellen 35 Geschick
3%
Hin und zurück 46 Motoren
3%
Hovertrax 52 Motoren
3%
Karten pusten 26 Geschick
3%
Kerzen ausschlagen 50 Schnelligkeit
3%
Kleiderbügel 39 Geschick
3%
Klötze stapeln 55 Geschick
3%
Konfetti wenden 47 Geschick
3%
Länderkunde 43, 48 Wissen
3%
Latte treffen 54 Sport Präzisionssport
3%
Laufball 17 Sport
3%
Leet 43 Geschick
3%
Löffel-Katapult 37 Geschick
3%
Novuss 21 Sport Präzisionssport
3%
Pfannkuchen 35 Geschick
3%
Pflaumenkuchen 24 Schätzen
3%
Piratenbillard 41 Geschick
3%
Ring-Ball 55 Sport Präzisionssport
3%
Ringtennis 51 Sport
3%
Rollhockey 7 Sport
3%
Rückwärts fahren 24 Motoren
3%
Sahne schlagen 19 Schnelligkeit
3%
Schaukelball 47 Sport
3%
Scheiben Schießen 43 Sport Präzisionssport,Schießsport
3%
Schlüsselbund 20 Geschick
3%
Schneemobil 39 Motoren
3%
Schwebeball 44 Geschick
3%
Scuddy 53 Motoren
3%
Smart EBall 35 Motoren
3%
Sparschwein 54 Geschick
3%
Speedcourt 23, 40 Ausdauer und Kraft
3%
Stäbchen 49 Schnelligkeit
3%
Stand-Up-Paddling 47 Sport
3%
Strickleiter 31 Schnelligkeit
3%
Tipp-Kick 47 Sport Präzisionssport
3%
Tisch Shuffleboard 42 Sport Präzisionssport
3%
Tri-Scooter 43 Sport
3%
Unscharf 44 Wissen
3%
Untersetzer 30 Geschick
3%
Wackeldraht 39 Geschick
3%
Walnüsse/Kastanien 32, 43 Geschick
3%
Wasser-Labyrinth 53 Schnelligkeit
3%
Weltkarte 35 Wissen
3%
Yike Bike 48 Motoren
3%
Zahlenwörter 50 Wissen
3%
Zahnpasta 12 Geschick
3%
Zielwerfen 27 Sport Präzisionssport
3%
Ball hochhalten 24 Geschick
1%
Bauklötze 23 Taktik
1%
Billardkegeln 36 Sport Präzisionssport
1%
Bleistifte anspitzen 53 Schnelligkeit
1%
Blind Fahren 41 Motoren
1%
Casting 16 Sport Präzisionssport
1%
Cross-Kart 23 Motoren
1%
Cross Skating 29 Sport
1%
Der Schacht 11 Ausdauer und Kraft
1%
Die Brezel 29 Geschick
1%
Doppelpass 49 Sport Ballsport
1%
Drehstuhl 14 Geschick
1%
Eis-Fangen 55 Sport
1%
Flüsse 50 Wissen
1%
Führerscheinprüfung 5 Wissen
1%
Fußball-Flipper 19 Geschick
1%
Gorodki 29 Sport Präzisionssport
1%
Harpune Schießen 55 Sport Präzisionssport
1%
Karten merken 33 Gedächtnis
1%
Kerzen aufstellen 44 Schnelligkeit
1%
Kerzenlaufen 26 Schnelligkeit
1%
Klebeband 49 Schnelligkeit
1%
Knetkette 54 Geschick
1%
Kreisel 43 Geschick
1%
Künstlernamen raten 10 Wissen
1%
Leiterrennen 22 Schnelligkeit
1%
Magnetfußball 36 Sonstiges
1%
Merk-Duell 53 Gedächtnis
1%
Monstertrucks 13 Motoren
1%
Motorsägen 22 Ausdauer und Kraft
1%
Münzen fühlen 30 Schnelligkeit
1%
Nussknacker-Rennen 50 Geschick
1%
Pärchen finden 50 Schnelligkeit
1%
Passen 26 Sport Ballsport
1%
Plattencover 9 Wissen
1%
Platzbahn-Kegeln 51 Sport
1%
Poolball 43 Sport Präzisionssport
1%
Rasen-Darts 36 Sport Präzisionssport
1%
Reifen aufpumpen 39 Ausdauer und Kraft
1%
Rennball 28 Sport Ballsport
1%
Riesenkicker 38 Sport
1%
Rollstuhl-Rennen 47 Sport
1%
Sätze merken 52, 55 Gedächtnis
1%
Schlittschuh-Verfolgung 51 Sport
1%
Schnips-Duell 49 Geschick
1%
Schnürsenkel 42 Geschick
1%
Schuhe werfen 48 Geschick Präzisionssport
1%
Shredder 51 Motoren
1%
Skateboard-Ball 53 Geschick
1%
Solitaire 16 Sonstiges
1%
Spiegelschrift 40 Schnelligkeit
1%
Tisch Schnipsen 41 Geschick
1%
Werfen & Fangen 23 Geschick
1%
Keine übereinstimmenden Quizze gefunden
Verteilung der Resultate
Anzahl Personen mit jedem Resultat
Perzentil nach korrekt beantworteten Fragen
Ihre Resultats-Entwicklung
Sie haben dieses Quiz noch nicht gespielt